000 00558nam a2200205Ia 4500
005 20250508165336.0
008 008 250505s9999 xx 000 0 eng d
020 _a978-0-415-52097-3
037 _aTextBook
040 _aFEDL
_beng
_cFEDL
041 _aeng
_2eng
084 _a361.25, KEN/R
_qFEDL
100 _aKennedy Patricia
_9780544
245 0 _aKey themes in social policy
260 _aLondon, UK
_bRoutledge
_c2013
300 _axi, 181p.
365 _aGBP
_b23.99
942 _cTB
_h361.25, KEN/R
999 _c1394566
_d1394566